000 01246nam a2200349 i 4500
001 9068
003 KOSZ 005
005 20191207105503.0
008 070814s1970 pl a f 000 0 pol
015 _aPB 1970/5923
040 _aWA N
_cWA N
_dKOSZ 005/RW
_dKOSZ 005/HR
046 _k1970
080 _a69(-202):631.2
100 1 _aPawlikowski, Marcin
_d(?-1999)
_eAutor
245 1 0 _aForma przestrzenna zagrody :
_bwpływ postępu technicznego na jej ukształtowanie /
_cMarcin Pawlikowski.
260 _aWarszawa :
_b"Arkady",
_c1970.
300 _a113, [3] stron :
_bilustracje, mapy ;
_c24 cm.
336 _aTekst
_btxt
_2rdacontent
337 _aBez urządzenia pośredniczącego
_bn
_2rdamedia
338 _aWolumin
_bnc
_2rdacarrier
380 _aKsiążki.
388 _a1901-2000
504 _aBibliografia na stronach 113-[114].
650 4 _aMechanizacja rolnictwa
650 4 _aPlanowanie przestrzenne
650 4 _aBudownictwo wiejskie
658 _aArchitektura i budownictwo
658 _aRolnictwo i leśnictwo
710 2 _aWydawnictwo Arkady
_4pbl.
856 _uhttp://koha.tu.koszalin.pl/cgi-bin/koha/opac-detail.pl?biblionumber=9068
_yKatalog online BPK
942 _2UKD
_cKS
999 _c9068
_d9068